000 00966cab a2200265 4500
001 WB3114-07
008 090401t1995 xxu||||| |||| 00| 0 eng d
035 _a(Sirsi) u46077
041 _aeng
245 _aGreen cure for sick buildings
260 _c1995
350 _a0
490 _aIndependent
_v6 April 1995, 14(1)
520 _aSick building syndrome, prevalent in at least 30% of the world`s new office buildings, can be cured by environmentally-friendly, energy efficient building using traditional methods and natural ventilation, according to "A building revolution", a report from the Worldwatch Institute in Washington.
650 _aENERGY EFFICIENCY
650 _aGREEN BUILDINGS
650 _aNATURAL VENTILATION
650 _aOFFICE BUILDINGS
650 _aSICK BUILDING SYNDROME
650 _aVENTILATION
650 _aWORLDWATCH INSTITUTE
690 _aBUILT ENVIRONMENT-BUILDING STANDARDS
942 _n0
948 _c04/03/1997
999 _c29153
_d29153